Statistics for Taylor Swift 02

Click here to take the quiz!

General Stats

  • This quiz has been taken 22 times
    (14 since last reset)
  • The average score is 329 of 417

Answer Stats

Answer% Correct
a
100%
an
100%
and
100%
do
100%
don't
100%
I
100%
in
100%
is
100%
it
100%
know
100%
love
100%
my
100%
of
100%
on
100%
the
100%
then
100%
to
100%
us
100%
was
100%
with
100%
you
100%
your
100%
at
89%
by
89%
'cause
89%
different
89%
ever
89%
for
89%
hits
89%
I'd
89%
if
89%
it's
89%
just
89%
like
89%
me
89%
no
89%
other
89%
our
89%
so
89%
that
89%
they
89%
time
89%
up
89%
were
89%
always
78%
bus
78%
down
78%
eyes
78%
get
78%
girl
78%
girls
78%
hands
78%
has
78%
have
78%
heart
78%
lie
78%
made
78%
never
78%
now
78%
off
78%
oh
78%
Oh
78%
one
78%
out
78%
say
78%
some
78%
street
78%
this
78%
blues
67%
catastrophic
67%
club
67%
easy
67%
friends
67%
loved
67%
mess
67%
need
67%
needed
67%
nothing
67%
or
67%
pictured
67%
right
67%
take
67%
these
67%
threw
67%
washed
67%
why
67%
wrong
67%
yeah
67%
asshole
56%
away
56%
bandaid
56%
bar
56%
burns
56%
car
56%
come
56%
felt
56%
good
56%
hair
56%
make
56%
moving
56%
once
56%
outlaw
56%
rip
56%
shit
56%
shows
56%
skip
56%
start
56%
sun
56%
town
56%
waiting
56%
walking
56%
another
44%
believed
44%
coast
44%
contagious
44%
could
44%
cry
44%
door
44%
dream
44%
dreams
44%
each
44%
enough
44%
feelings
44%
freedom
44%
ghost
44%
guy
44%
hallway
44%
heard
44%
hurts
44%
key
44%
kill
44%
main
44%
metaphor
44%
okay
44%
over
44%
plays
44%
sadness
44%
sand
44%
sense
44%
shouldn't
44%
simple
44%
song
44%
space
44%
still
44%
summer
44%
'til
44%
turn
44%
world
44%
wrinkle
44%
antithetical
33%
argumentative
33%
belief
33%
bet
33%
bleeding
33%
crease
33%
evidence
33%
find
33%
held
33%
invitations
33%
Kens
33%
melt
33%
name
33%
puts
33%
receiving
33%
slur
33%
someone
33%
stopped
33%
switch
33%
trace
33%
used
33%
while
33%
wound
33%
artifacts
22%
cried
22%
cursed
22%
hat
22%
stare
22%

Score Distribution

Percentile by Number Answered

Percent of People with Each Score

Your Score History

You have not taken this quiz since the last reset